000 00233nam a22000857a 4500
008 160704b xxu||||| |||| 00| 0 eng d
100 _92069
_a Majumdar, L., et al
245 _aMother Teresa
260 _aNew Delhi
_bNational Book Trust
_c1988
999 _c1766
_d1766